LEADER 01005nam--2200349---450- 001 990001506560203316 005 20040528162934.0 035 $a000150656 035 $aUSA01000150656 035 $a(ALEPH)000150656USA01 035 $a000150656 100 $a20040316d1963----km-y0itay0103----ba 101 $aeng 102 $aGB 105 $a||||||||001yy 200 1 $aDigenes Akrites$fedited with an introduction transaltion and commentary by John Maurogordate 210 $aOxford$cAt the Clarendon Press$d1963 215 $aLXXXIV, 274 p.$d23 cm 410 0$12001 454 1$12001 461 1$1001-------$12001 702 1$aMAUROGORDATE,$BJohn 801 0$aIT$bsalbc$gISBD 912 $a990001506560203316 951 $aVIII A 62/49$b21512 L.M.$cVIII A 959 $aBK 969 $aUMA 979 $aSIAV9$b10$c20040316$lUSA01$h1215 979 $aPATRY$b90$c20040406$lUSA01$h1745 979 $aSIAVER$b90$c20040528$lUSA01$h1629 996 $aDigenes Akrites$9137042 997 $aUNISA LEADER 01131nam0 2200301 i 450 001 SUN0050846 005 20180411123353.677 010 $d0.00 100 $a20060901d1975 |0itac50 ba 101 $aita 102 $aIT 105 $a|||| ||||| 200 1 $a*Termodinamica$fM.M. Abbott, H.C. Van Ness 205 $aMilano : Etas libri, 1975 210 $a347 p.$cill. ; 27 cm 215 $aIn cop.: 225 esercizi risolti. 410 1$1001SUN0027349$12001 $aCollana Schaum$v17$1210 $aMilano$cEtas. 606 $a80-XX$xClassical thermodynamics, heat transfer [MSC 2020]$2MF$3SUNC022357 620 $dMilano$3SUNL000284 700 1$aAbbott$b, Michael M.$3SUNV012996$01 701 1$aNess$b, Hendrick C. van$3SUNV039939$0726417 712 $aEtas$3SUNV000433$4650 790 1$aAbbott, M. M.$zAbbott, Michael M.$3SUNV101031 801 $aIT$bSOL$c20200706$gRICA 912 $aSUN0050846 950 $aUFFICIO DI BIBLIOTECA DEL DIPARTIMENTO DI MATEMATICA E FISICA$d08PREST 80-XX 0009 $e08 3998 I 20060901 996 $aTermodinamica$91424437 997 $aUNICAMPANIA